Computers and information technology in social work : education, training, and practice

Αποθηκεύτηκε σε:
Λεπτομέρειες βιβλιογραφικής εγγραφής
Άλλοι συγγραφείς: Coe, Jo Ann R. (edtf), Menon, Goutham M. (Επιμελητής έκδοσης)
Μορφή: Βιβλίο
Γλώσσα:English
Δημοσίευση: New York : Haworth Press, 1999
Θέματα:
Ετικέτες: Προσθήκη ετικέτας
Δεν υπάρχουν, Καταχωρήστε ετικέτα πρώτοι!

MARC

LEADER 00000cam a2200000 i 4500
001 1/55300
008 070919s1999 eng d
020 |a 0-7890-0841-6 
035 |l 10090827 
040 |a GR-MY-UA  |b gre  |e aacr 
041 0 |a eng 
082 0 |a 361.00285  |2 (22) 
245 1 0 |a Computers and information technology in social work :  |b education, training, and practice /  |c Jo Ann R. Coe, Goutham M. Menon, editors 
260 |a New York :   |b Haworth Press,   |c 1999 
300 |a 205 σ.;  |c 25 εκ. 
504 |a Περιλαμβάνει βιβλιογραφίες και ευρετήριο 
650 0 0 |a Human services  |x Congresses. 
650 0 0 |a Human services  |x Computer network resources. 
650 0 0 |a Social service  |x Computer network resources. 
700 1 |a Coe, Jo Ann R.  |e edtf 
700 1 |a Menon, Goutham M.  |e edt 
852 |a INST  |b RHODES  |e 20070919  |h 361.00285 COM  |p 005400025801  |q 005400025801  |t BK  |y 0 
901 |a BIBL4-2007-3 
909 |a Ρ  |b 138906 
922 |a 4ΕΛΗ  |b 200708  |c ΕΠΕΑΕΚ2/ΠΤΔΕ  |d ΕΛΕΥΘΕΡΟΥΔΑΚΗΣ 
970 |a ΜΙΣΣΟΣ  |b ΣΤΑΥΡΟΣ  |z 2007/09/19